The age of automation.

Shranjeno v:
Bibliografske podrobnosti
Glavni avtor: Bagrit, Leon
Format: Knjiga
Jezik:Undetermined
Izdano: Victoria, Australia Penguin Books 1966
Teme:
Oznake: Označite
Brez oznak, prvi označite!
Thư viện lưu trữ: Trung tâm Học liệu Trường Đại học Cần Thơ
LEADER 00505nam a2200193Ia 4500
001 CTU_107212
008 210402s9999 xx 000 0 und d
082 |a 303.4833 
082 |b B149 
100 |a Bagrit, Leon 
245 4 |a The age of automation. 
245 0 |c Leon Bagrit 
260 |a Victoria, Australia 
260 |b Penguin Books 
260 |c 1966 
650 |a Automation,Automation 
650 |x Social aspects. 
904 |i Minh 
980 |a Trung tâm Học liệu Trường Đại học Cần Thơ